CONTRACT-II ALONGWITH SALE OF GOODS ACT & INDIAN PATNERSHIP ACT (Record no. 9552)
[ view plain ]
| 000 -LEADER | |
|---|---|
| fixed length control field | 00354nam a22001457a 4500 |
| 003 - CONTROL NUMBER IDENTIFIER | |
| control field | SGT |
| 082 ## - DEWEY DECIMAL CLASSIFICATION NUMBER | |
| Classification number | 346.20954,KAP |
| 100 ## - MAIN ENTRY--PERSONAL NAME | |
| Personal name | KAPOOR,S.K |
| 245 ## - TITLE STATEMENT | |
| Title | CONTRACT-II ALONGWITH SALE OF GOODS ACT & INDIAN PATNERSHIP ACT |
| 250 ## - EDITION STATEMENT | |
| Edition statement | 13TH |
| 260 ## - PUBLICATION, DISTRIBUTION, ETC. (IMPRINT) | |
| Place of publication, distribution, etc | ALLAHABAD |
| Name of publisher, distributor, etc | CENTRAL LAW AGENCY |
| Year of Publication | 2012 |
| 300 ## - PAGE DESCRIPTION | |
| No. of Pages | 379 |
| 650 ## - SUBJECT ADDED ENTRY--TOPICAL TERM | |
| Topical term or geographic name as entry element | CONTRACT-II |
| 942 ## - ADDED ENTRY ELEMENTS (KOHA) | |
| Source of classification or shelving scheme | Dewey Decimal Classification |
| Koha item type | Books |
| 942 ## - ADDED ENTRY ELEMENTS (KOHA) | |
| -- | 1 |
| Withdrawn status | Lost status | Source of classification or shelving scheme | Damaged status | Not for loan | Collection code | Home library | Current library | Shelving location | Date acquired | Vendor Name | Cost, normal purchase price | SGTU | Bill Number | Total Checkouts | Full call number | Accession No. (Barcode) | Date last seen | Date last borrowed | Bill Date | Koha item type | Total Renewals |
|---|---|---|---|---|---|---|---|---|---|---|---|---|---|---|---|---|---|---|---|---|---|
| Dewey Decimal Classification | LAW | SGT Science & Social Sciences Library | SGT Science & Social Sciences Library | Text Book | 19/07/2016 | SATYAM BOOKS | 270.00 | SGTU | 985 | 2 | 346.20954,KAP | FL33 | 10/05/2018 | 04/05/2018 | 22/01/2014 | Books | |||||
| Dewey Decimal Classification | Not For Loan | LAW | SGT Science & Social Sciences Library | SGT Science & Social Sciences Library | Reference Book | 19/07/2016 | SATYAM BOOKS | 270.00 | SGTU | 985 | 346.20954,KAP | FL34 | 19/07/2016 | 22/01/2014 | Books | ||||||
| Dewey Decimal Classification | LAW | SGT Science & Social Sciences Library | SGT Science & Social Sciences Library | Text Book | 19/07/2016 | SATYAM BOOKS | 270.00 | SGTU | 985 | 5 | 346.20954,KAP | FL35 | 10/05/2018 | 07/05/2018 | 22/01/2014 | Books | 1 | ||||
| Dewey Decimal Classification | LAW | SGT Science & Social Sciences Library | SGT Science & Social Sciences Library | Text Book | 19/07/2016 | SATYAM BOOKS | 270.00 | SGTU | 985 | 4 | 346.20954,KAP | FL36 | 26/09/2019 | 18/09/2019 | 22/01/2014 | Books | 1 | ||||
| Dewey Decimal Classification | LAW | SGT Science & Social Sciences Library | SGT Science & Social Sciences Library | Text Book | 19/07/2016 | SATYAM BOOKS | 270.00 | SGTU | 985 | 6 | 346.20954,KAP | FL37 | 10/10/2024 | 23/09/2024 | 22/01/2014 | Books | 2 |